| 000 | 00812cam a2200241 a 4500 | ||
|---|---|---|---|
| 001 | 000007465 | ||
| 005 | 20200929154159.0 | ||
| 008 | 790524s1974 cu 001 e spa | ||
| 040 |
_aDO-SdBNP _cDLC _dDLC |
||
| 082 |
_aPe864.44 _bH899N |
||
| 100 | 1 |
_aNeira Samanez, Hugo, _d1939- _920752 |
|
| 245 | 1 | 0 |
_aHuillca, habla un campesino peruano / _cHugo Neira Samanez. |
| 260 |
_aLa Habana : _bCasa de las Américas, _c1974. |
||
| 300 |
_a217 p. ; _c19 cm. |
||
| 500 | _a"Testimonios sobre Huillca": p. 175-217. | ||
| 586 | _aPremio testimonio, 1974. | ||
| 600 | 1 | 0 |
_aHuillca, Saturnino. _920753 |
| 650 | 4 |
_aEnsayos peruanos _920754 |
|
| 650 | 4 |
_aLiteratura peruana _vENSAYOS, CONFERENCIAS, ETC. _920755 |
|
| 650 | 4 |
_aLiteratura peruana _ySIGLO XX _914789 |
|
| 910 | _aCatalogación por copia / LC | ||
| 049 | _aBNGR | ||
| 999 |
_c7246 _d7246 |
||